Estudios de Derecho Comercial Internacional

Bibliographic Details
Format: eBook
Language:Spanish
Published: Barcelona: Editorial vLex, 2017
Subjects:
Online Access:Acceso restringido

MARC

LEADER 00000nam a22000007a 4500
005 20180224150942.0
007 cr|||| ||||
008 180224s2017 es |||||s|||| 00||0 spa d
035 |a 21009 
040 |a vLex 
090 |c 7413  |d 7413 
245 0 0 |a Estudios de Derecho Comercial Internacional  |h [Recurso electrn̤ico] / 
256 |a Servicio en ln̕ea 
260 |a Barcelona:  |b Editorial vLex,  |c 2017 
300 |a 1 recurso electrn̤ico 
506 1 |a Disponible solo en los productos indicados  |d vLex Global  |d vLex Global (Academic Edition, excluding Law Schools)  |d vLex Global (U.S. Academic Edition, Law Schools)  |d vLex Global (U.S. Academic Edition, excluding Law Schools)  |d vLex Global (Academic Edition, Law Schools) 
650 0 4 |a Contabilidad  |z Espaą 
740 0 |a vLex Libros (Servicio en ln̕ea) 
856 4 0 |u http://vlex.com/source/estudios-derecho-comercial-internacional-21009  |z Acceso restringido 
942 |c BOOK 
999 0 |a Accounting